Normal view
MARC view
- علوم - فلسفة
Entry Topical Term
001 - CONTROL NUMBER
- control field: 36024
003 - CONTROL NUMBER IDENTIFIER
- control field: JO-AjAnu
005 - DATE AND TIME OF LATEST TRANSACTION
- control field: 20230606080023.0
008 - FIXED-LENGTH DATA ELEMENTS
- fixed length control field: 230606|| aca||aabn | a|a d
040 ## - CATALOGING SOURCE
- Original cataloging agency: JO-AjAnu
- Transcribing agency: JO-AjAnu
150 ## - HEADING--TOPICAL TERM
- Topical term or geographic name entry element: علوم - فلسفة
670 ## - SOURCE DATA FOUND
- Source citation: Work cat.: (JO-AjAnu)18497: جوهرى، طنطاوى, author 36023, من بهجة العلوم في الفلسفة العربية وموازنتها يالعلوم العصرية